Luton Town League Players Since 2014 - Statistics

General Stats
  • This quiz has been taken 31 times
    28 since last reset
  • The average score is 176 of 291
Answer Stats
% Correct
2023/24 (Premier League - 18th) England RW 32 Andros Townsend 27 1
95%
2023/24 (Premier League - 18th) England ST 28 Carlton Morris 38 11
95%
2022/23 (Championship - 3rd) England ST 26 Carlton Morris 44 20
95%
2023/24 (Premier League - 18th) Ireland RW 27 Chiedozie Ogbene 30 4
95%
2023/24 (Premier League - 18th) Burkina Faso RB 23 Issa Kabore 24
95%
2023/24 (Premier League - 18th) Scotland ST 26 Jacob Brown 19 2
95%
2023/24 (Premier League - 18th) England LB 18 Joe Johnson 2
95%
2022/23 (Championship - 3rd) England LB 16 Joe Johnson 2
95%
2023/24 (Premier League - 18th) England CM 31 Luke Berry 17 2
95%
2022/23 (Championship - 3rd) England CM 29 Luke Berry 21 3
95%
2021/22 (Championship - 6th) England CM 28 Luke Berry 13 6
95%
2020/21 (Championship - 12th) England CM 27 Luke Berry 31 2
95%
2019/20 (Championship - 19th) England CM 26 Luke Berry 21 1
95%
2018/19 (League One - 1st) England CM 25 Luke Berry 21 3
95%
2017/18 (League Two - 2nd) England CM 24 Luke Berry 34 7
95%
2023/24 (Premier League - 18th) England CM 30 Ross Barkley 32 5
95%
2023/24 (Premier League - 18th) Netherlands RW 24 Tahith Chong 33 4
95%
2023/24 (Premier League - 18th) Belgium GK 31 Thomas Kaminski 38
95%
2023/24 (Premier League - 18th) Belgium CM 24 Albert Sambi Lokonga 17 1
90%
2023/24 (Premier League - 18th) England LM 24 Alfie Doughty 37 2
90%
2022/23 (Championship - 3rd) England LM 22 Alfie Doughty 28 2
90%
2023/24 (Premier League - 18th) Jamaica LB 30 Amari'I Bell 21
90%
2022/23 (Championship - 3rd) Jamaica LB 28 Amari'I Bell 44 1
90%
2021/22 (Championship - 6th) Jamaica LB 27 Amari'I Bell 41 1
90%
2023/24 (Premier League - 18th) England ST 29 Cauley Woodrow 24 1
90%
2022/23 (Championship - 3rd) England ST 27 Cauley Woodrow 27 2
90%
2023/24 (Premier League - 18th) England ST 26 Elijah Adebayo 27 10
90%
2022/23 (Championship - 3rd) England ST 24 Elijah Adebayo 42 7
90%
2021/22 (Championship - 6th) England ST 23 Elijah Adebayo 40 16
90%
2020/21 (Championship - 12th) England ST 22 Elijah Adebayo 18 5
90%
2023/24 (Premier League - 18th) Nigeria AM 27 Fred Onyedinma 8
90%
2022/23 (Championship - 3rd) Nigeria AM 25 Fred Onyedinma 17
90%
2021/22 (Championship - 6th) Nigeria AM 24 Fred Onyedinma 29 3
90%
2023/24 (Premier League - 18th) Nigeria CB 25 Gabriel Osho 21 2
90%
2022/23 (Championship - 3rd) Nigeria CB 23 Gabriel Osho 27 2
90%
2021/22 (Championship - 6th) Nigeria CB 22 Gabriel Osho 23
90%
2019/20 (Championship - 19th) England LW 22 Izzy Brown 25 1
90%
2023/24 (Premier League - 18th) England GK 32 James Shea 1
90%
2022/23 (Championship - 3rd) England GK 31 James Shea 1
90%
2021/22 (Championship - 6th) England GK 30 James Shea 19
90%
2020/21 (Championship - 12th) England GK 29 James Shea 7
90%
2019/20 (Championship - 19th) England GK 28 James Shea 13
90%
2018/19 (League One - 1st) England GK 27 James Shea 41
90%
2017/18 (League Two - 2nd) England GK 26 James Shea 8
90%
2022/23 (Championship - 3rd) Wales ST 19 Joe Taylor 5
90%
2023/24 (Premier League - 18th) England CM 30 Jordan Clark 23 1
90%
2022/23 (Championship - 3rd) England CM 28 Jordan Clark 38 2
90%
2021/22 (Championship - 6th) England CM 27 Jordan Clark 25 2
90%
2020/21 (Championship - 12th) England CM 26 Jordan Clark 34 1
90%
2023/24 (Premier League - 18th) Denmark CB 26 Mads Andersen 8 1
90%
2023/24 (Premier League - 18th) Zimbabwe DM 30 Marvelous Nakamba 13
90%
2022/23 (Championship - 3rd) Zimbabwe DM 28 Marvelous Nakamba 17
90%
2023/24 (Premier League - 18th) DR Congo DM 30 Pelly Ruddock Mpanzu 27
90%
2022/23 (Championship - 3rd) DR Congo DM 28 Pelly Ruddock Mpanzu 30 3
90%
2021/22 (Championship - 6th) DR Congo DM 27 Pelly Ruddock Mpanzu 34 1
90%
2020/21 (Championship - 12th) DR Congo DM 26 Pelly Ruddock Mpanzu 44 2
90%
2019/20 (Championship - 19th) DR Congo DM 25 Pelly Ruddock Mpanzu 44 3
90%
2018/19 (League One - 1st) DR Congo DM 24 Pelly Ruddock Mpanzu 46 5
90%
2017/18 (League Two - 2nd) DR Congo DM 23 Pelly Ruddock Mpanzu 28 2
90%
2016/17 (League Two - 4th) DR Congo DM 22 Pelly Ruddock Mpanzu 42 2
90%
2015/16 (League Two - 11th) DR Congo DM 21 Pelly Ruddock Mpanzu 21 2
90%
2014/15 (League Two - 8th) DR Congo DM 20 Pelly Ruddock Mpanzu 16 1
90%
2023/24 (Premier League - 18th) England CB 27 Reece Burke 22
90%
2022/23 (Championship - 3rd) England CB 25 Reece Burke 20 2
90%
2021/22 (Championship - 6th) England CB 24 Reece Burke 27 1
90%
2023/24 (Premier League - 18th) England CB 22 Teden Mengi 30 1
90%
2023/24 (Premier League - 18th) Wales CB 29 Tom Lockyer 14 1
90%
2022/23 (Championship - 3rd) Wales CB 27 Tom Lockyer 39 3
90%
2021/22 (Championship - 6th) Wales CB 26 Tom Lockyer 29 1
90%
2020/21 (Championship - 12th) Wales CB 25 Tom Lockyer 20
90%
2022/23 (Championship - 3rd) Zimbabwe ST 23 Admiral Muskwe 2
85%
2021/22 (Championship - 6th) Zimbabwe ST 22 Admiral Muskwe 20
85%
2023/24 (Premier League - 18th) Japan RB 25 Daiki Hashioka 10
85%
2022/23 (Championship - 3rd) United States GK 27 Ethan Horvath 44
85%
2022/23 (Championship - 3rd) England RB 24 James Bree 27
85%
2021/22 (Championship - 6th) England RB 23 James Bree 42 1
85%
2020/21 (Championship - 12th) England RB 22 James Bree 24 1
85%
2019/20 (Championship - 19th) England RB 21 James Bree 39
85%
2022/23 (Championship - 3rd) Scotland CM 23 Allan Campbell 42 3
80%
2021/22 (Championship - 6th) Scotland CM 22 Allan Campbell 33 4
80%
2022/23 (Championship - 3rd) Grenada ST 35 Cameron Jerome 21
80%
2021/22 (Championship - 6th) Grenada ST 34 Cameron Jerome 31 3
80%
2020/21 (Championship - 12th) Ireland ST 29 James Collins 42 10
80%
2019/20 (Championship - 19th) Ireland ST 28 James Collins 46 14
80%
2018/19 (League One - 1st) Ireland ST 27 James Collins 44 25
80%
2017/18 (League Two - 2nd) Ireland ST 26 James Collins 42 19
80%
2021/22 (Championship - 6th) Croatia GK 28 Simon Sluga 19
80%
2020/21 (Championship - 12th) Croatia GK 27 Simon Sluga 39
80%
2019/20 (Championship - 19th) Croatia GK 26 Simon Sluga 33
80%
2022/23 (Championship - 3rd) England CB 30 Sonny Bradley 19
80%
2021/22 (Championship - 6th) England CB 29 Sonny Bradley 22 2
80%
2020/21 (Championship - 12th) England CB 28 Sonny Bradley 37
80%
2019/20 (Championship - 19th) England CB 27 Sonny Bradley 40 3
80%
2018/19 (League One - 1st) England CB 26 Sonny Bradley 45
80%
2023/24 (Premier League - 18th) England AM 19 Zack Nelson 2
80%
2022/23 (Championship - 3rd) England LB 28 Dan Potts 25 1
75%
2021/22 (Championship - 6th) England LB 27 Dan Potts 10
75%
2020/21 (Championship - 12th) England LB 26 Dan Potts 24 1
75%
2019/20 (Championship - 19th) England LB 25 Dan Potts 33 1
75%
2018/19 (League One - 1st) England LB 24 Dan Potts 24 1
75%
2017/18 (League Two - 2nd) England LB 23 Dan Potts 42 6
75%
2016/17 (League Two - 4th) England LB 22 Dan Potts 23
75%
2015/16 (League Two - 11th) England LB 21 Dan Potts 14
75%
2020/21 (Championship - 12th) England AM 25 Elliot Lee 12 1
75%
2019/20 (Championship - 19th) England AM 24 Elliot Lee 11 1
75%
2018/19 (League One - 1st) England AM 23 Elliot Lee 38 12
75%
2017/18 (League Two - 2nd) England AM 22 Elliot Lee 31 10
75%
2014/15 (League Two - 8th) England AM 19 Elliot Lee 11 3
75%
2022/23 (Championship - 3rd) England ST 27 Harry Cornick 19 1
75%
2021/22 (Championship - 6th) England ST 26 Harry Cornick 38 12
75%
2020/21 (Championship - 12th) England ST 25 Harry Cornick 40 1
75%
2019/20 (Championship - 19th) England ST 24 Harry Cornick 45 9
75%
2018/19 (League One - 1st) England ST 23 Harry Cornick 32 6
75%
2017/18 (League Two - 2nd) England ST 22 Harry Cornick 37 5
75%
2020/21 (Championship - 12th) England CB 26 Matty Pearson 40 2
75%
2019/20 (Championship - 19th) England CB 25 Matty Pearson 42 2
75%
2018/19 (League One - 1st) England CB 24 Matty Pearson 46 6
75%
2022/23 (Championship - 3rd) England RB 20 Cody Drameh 16
70%
2021/22 (Championship - 6th) England ST 32 Danny Hylton 17 4
70%
2020/21 (Championship - 12th) England ST 31 Danny Hylton 16
70%
2019/20 (Championship - 19th) England ST 30 Danny Hylton 11
70%
2018/19 (League One - 1st) England ST 29 Danny Hylton 25 8
70%
2017/18 (League Two - 2nd) England ST 28 Danny Hylton 39 21
70%
2016/17 (League Two - 4th) England ST 27 Danny Hylton 39 21
70%
2021/22 (Championship - 6th) Ireland DM 26 Glen Rea 12
70%
2020/21 (Championship - 12th) Ireland DM 25 Glen Rea 40 3
70%
2019/20 (Championship - 19th) Ireland DM 24 Glen Rea 15
70%
2018/19 (League One - 1st) Ireland DM 23 Glen Rea 22 1
70%
2017/18 (League Two - 2nd) Ireland DM 22 Glen Rea 46 1
70%
2016/17 (League Two - 4th) Ireland DM 21 Glen Rea 39 2
70%
2015/16 (League Two - 11th) Ireland DM 20 Glen Rea 10
70%
2022/23 (Championship - 3rd) England GK 25 Harry Isted 1
70%
2021/22 (Championship - 6th) England GK 24 Harry Isted 2
70%
2020/21 (Championship - 12th) DR Congo LW 29 Kazenga LuaLua 23 2
70%
2019/20 (Championship - 19th) DR Congo LW 28 Kazenga LuaLua 29 3
70%
2018/19 (League One - 1st) DR Congo LW 27 Kazenga LuaLua 22 2
70%
2017/18 (League Two - 2nd) England CM 25 Olly Lee 39 6
70%
2016/17 (League Two - 4th) England CM 24 Olly Lee 33 1
70%
2015/16 (League Two - 11th) England CM 23 Olly Lee 34 3
70%
2019/20 (Championship - 19th) United States CB 21 Cameron Carter-Vickers 16
65%
2022/23 (Championship - 3rd) England CM 31 Henri Lansbury 10 1
65%
2021/22 (Championship - 6th) England CM 30 Henri Lansbury 34
65%
2018/19 (League One - 1st) England RB 20 James Justin 43 3
65%
2017/18 (League Two - 2nd) England RB 19 James Justin 17 2
65%
2016/17 (League Two - 4th) England RB 18 James Justin 29 1
65%
2015/16 (League Two - 11th) England RB 17 James Justin 1
65%
2021/22 (Championship - 6th) Scotland CB 29 Kal Naismith 42 2
65%
2020/21 (Championship - 12th) Scotland CB 28 Kal Naismith 22 1
65%
2022/23 (Championship - 3rd) Ireland CM 21 Louie Watson 5
65%
2018/19 (League One - 1st) Czech Republic GK 28 Marek Stech 5
65%
2017/18 (League Two - 2nd) Czech Republic GK 27 Marek Stech 38
65%
2023/24 (Premier League - 18th) England LB 24 Ryan Giles 11
65%
2020/21 (Championship - 12th) England CM 27 Ryan Tunnicliffe 24 2
65%
2019/20 (Championship - 19th) England CM 26 Ryan Tunnicliffe 40 1
65%
2018/19 (League One - 1st) Ireland DM 34 Alan McCormack 19
60%
2017/18 (League Two - 2nd) Ireland DM 33 Alan McCormack 16 1
60%
2019/20 (Championship - 19th) Scotland AM 29 Andrew Shinnie 21 1
60%
2018/19 (League One - 1st) Scotland AM 28 Andrew Shinnie 41 4
60%
2017/18 (League Two - 2nd) Scotland AM 27 Andrew Shinnie 28 1
60%
2016/17 (League Two - 4th) Scotland ST 32 Craig Mackail-Smith 2
60%
2015/16 (League Two - 11th) Scotland ST 31 Craig Mackail-Smith 33 4
60%
2022/23 (Championship - 3rd) Wales CM 21 Elliot Thorpe 3
60%
2018/19 (League One - 1st) England RB 22 Jack Stacey 45 4
60%
2017/18 (League Two - 2nd) England RB 21 Jack Stacey 41 1
60%
2018/19 (League One - 1st) Australia ST 22 Jason Cummings 5 1
60%
2022/23 (Championship - 3rd) England AM 30 Luke Freeman 26 2
60%
2021/22 (Championship - 6th) Scotland RW 33 Robert Snodgrass 8
60%
2018/19 (League One - 1st) Ireland ST 18 Aaron Connolly 2
55%
2020/21 (Championship - 12th) England CM 26 George Moncur 21 3
55%
2019/20 (Championship - 19th) England CM 25 George Moncur 17 1
55%
2018/19 (League One - 1st) England CM 24 George Moncur 14 6
55%
2020/21 (Championship - 12th) England CM 21 Kiernan Dewsbury-Hall 39 3
55%
2019/20 (Championship - 19th) England CB 23 Lloyd Jones 4
55%
2018/19 (League One - 1st) England CB 22 Lloyd Jones 1
55%
2017/18 (League Two - 2nd) England CB 21 Lloyd Jones 1
55%
2019/20 (Championship - 19th) England RB 19 Luke Bolton 24
55%
2017/18 (League Two - 2nd) Malta LW 24 Luke Gambin 13 1
55%
2016/17 (League Two - 4th) Malta LW 23 Luke Gambin 16 1
55%
2021/22 (Championship - 6th) England GK 27 Matt Ingram 2
55%
2019/20 (Championship - 19th) Ireland CB 32 Alan Sheehan 4
50%
2018/19 (League One - 1st) Ireland CB 31 Alan Sheehan 17
50%
2017/18 (League Two - 2nd) Ireland CB 30 Alan Sheehan 42 3
50%
2016/17 (League Two - 4th) Ireland CB 29 Alan Sheehan 34 2
50%
2015/16 (League Two - 11th) Ireland CB 28 Alan Sheehan 20 1
50%
2019/20 (Championship - 19th) Zimbabwe LB 23 Brendan Galloway 3
50%
2021/22 (Championship - 6th) Guinea-Bissau RW 22 Carlos Mendes Gomes 9
50%
2019/20 (Championship - 19th) England CM 29 Jacob Butterfield 15 1
50%
2021/22 (Championship - 6th) England GK 28 Jed Steer 3
50%
2016/17 (League Two - 4th) England CM 29 Jonathan Smith 25 1
50%
2015/16 (League Two - 11th) England CM 28 Jonathan Smith 37 4
50%
2014/15 (League Two - 8th) England CM 27 Jonathan Smith 35 2
50%
2016/17 (League Two - 4th) England GK 21 Matt Macey 11
50%
2014/15 (League Two - 8th) England RB 30 Paul Connolly 4
50%
2020/21 (Championship - 12th) Wales LB 21 Rhys Norrington-Davies 18
50%
2019/20 (Championship - 19th) England RW 28 Callum McManaman 23 4
45%
2018/19 (League One - 1st) England RW 26 Jake Jervis 2
45%
2017/18 (League Two - 2nd) England RW 25 Jake Jervis 10
45%
2021/22 (Championship - 6th) Ireland RB 21 Peter Kioso 16
45%
2019/20 (Championship - 19th) Ireland RB 19 Peter Kioso 1
45%
2017/18 (League Two - 2nd) Scotland CB 30 Scott Cuthbert 23 2
45%
2016/17 (League Two - 4th) Scotland CB 29 Scott Cuthbert 38 1
45%
2015/16 (League Two - 11th) Scotland CB 28 Scott Cuthbert 36
45%
2018/19 (League One - 1st) England CB 32 Alex Baptiste 2
40%
2021/22 (Championship - 6th) England GK 24 Alex Palmer 2
40%
2016/17 (League Two - 4th) Northern Ireland CM 21 Cameron McGeehan 24 10
40%
2015/16 (League Two - 11th) Northern Ireland CM 20 Cameron McGeehan 41 12
40%
2014/15 (League Two - 8th) Northern Ireland CM 19 Cameron McGeehan 15 3
40%
2019/20 (Championship - 19th) Montserrat CB 25 Donervon Daniels 3 1
40%
2018/19 (League One - 1st) Ireland CM 27 Eunan O'Kane 3
40%
2018/19 (League One - 1st) England CM 25 George Thorne 3
40%
2016/17 (League Two - 4th) England ST 21 Jack Marriott 39 8
40%
2015/16 (League Two - 11th) England ST 20 Jack Marriott 40 14
40%
2020/21 (Championship - 12th) Wales DM 23 Joe Morrell 10
40%
2018/19 (League One - 1st) England AM 23 Jorge Grant 17 2
40%
2015/16 (League Two - 11th) England GK 38 Mark Tyler 27
40%
2014/15 (League Two - 8th) England GK 37 Mark Tyler 31
40%
2020/21 (Championship - 12th) England CB 33 Martin Cranie 23
40%
2019/20 (Championship - 19th) England CB 32 Martin Cranie 24 2
40%
2016/17 (League Two - 4th) England ST 24 Ollie Palmer 17 3
40%
2020/21 (Championship - 12th) England ST 21 Sam Nombe 11
40%
2015/16 (League Two - 11th) England CB 31 Steve McNulty 10
40%
2014/15 (League Two - 8th) England CB 30 Steve McNulty 41
40%
2016/17 (League Two - 4th) England GK 20 Christian Walton 27
35%
2015/16 (League Two - 11th) England RW 26 Danny Green 25 5
35%
2020/21 (Championship - 12th) Antigua & Barbuda LW 21 Dion Pereira 1
35%
2017/18 (League Two - 2nd) England CB 31 Johnny Mullins 17 2
35%
2016/17 (League Two - 4th) England CB 30 Johnny Mullins 23
35%
2017/18 (League Two - 2nd) England CM 24 Lawson D'Ath 9
35%
2016/17 (League Two - 4th) England CM 23 Lawson D'Ath 11
35%
2015/16 (League Two - 11th) England AM 33 Luke Guttridge 8 2
35%
2014/15 (League Two - 8th) England AM 32 Luke Guttridge 27 3
35%
2015/16 (League Two - 11th) England CB 24 Luke Wilkinson 20 3
35%
2014/15 (League Two - 8th) England CB 23 Luke Wilkinson 42 4
35%
2014/15 (League Two - 8th) England ST 22 Mark Cullen 42 13
35%
2015/16 (League Two - 11th) England ST 35 Paul Benson 20 4
35%
2014/15 (League Two - 8th) England ST 34 Paul Benson 21 1
35%
2014/15 (League Two - 8th) England RW 26 Shaun Whalley 18 3
35%
2016/17 (League Two - 4th) Scotland RB 24 Stephen O'Donnell 30 1
35%
2015/16 (League Two - 11th) Scotland RB 23 Stephen O'Donnell 30
35%
2015/16 (League Two - 11th) Wales CM 30 Alex Lawless 28 1
30%
2014/15 (League Two - 8th) Wales CM 29 Alex Lawless 15 3
30%
2017/18 (League Two - 2nd) England ST 23 Isaac Vassell 2 2
30%
2016/17 (League Two - 4th) England ST 22 Isaac Vassell 40 8
30%
2016/17 (League Two - 4th) England CM 20 Jake Gray 19 1
30%
2015/16 (League Two - 11th) Wales LM 24 Jake Howells 17
30%
2014/15 (League Two - 8th) Wales LM 23 Jake Howells 36 4
30%
2016/17 (League Two - 4th) England GK 21 Stuart Moore 8
30%
2020/21 (Championship - 12th) England RW 28 Tom Ince 7
30%
2015/16 (League Two - 11th) England GK 24 Elliot Justham 15
25%
2014/15 (League Two - 8th) England GK 23 Elliot Justham 15
25%
2015/16 (League Two - 11th) Zambia CB 17 Frankie Musonda 3
25%
2016/17 (League Two - 4th) England LB 19 Jack Senior 10
25%
2015/16 (League Two - 11th) England DM 28 Nathan Doyle 11
25%
2014/15 (League Two - 8th) England DM 27 Nathan Doyle 27
25%
2015/16 (League Two - 11th) Northern Ireland LW 31 Paddy McCourt 24 1
25%
2015/16 (League Two - 11th) England LM 27 Ryan Hall 10
25%
2014/15 (League Two - 8th) England LM 26 Ryan Hall 7
25%
2018/19 (League One - 1st) England ST 20 Aaron Jarvis 4
20%
2017/18 (League Two - 2nd) England ST 19 Aaron Jarvis 1
20%
2017/18 (League Two - 2nd) England CB 18 Akin Famewo 3
20%
2016/17 (League Two - 4th) England CB 17 Akin Famewo 2
20%
2014/15 (League Two - 8th) England CB 21 Alex Lacey 18
20%
2014/15 (League Two - 8th) England ST 23 Alex Wall 7 1
20%
2014/15 (League Two - 8th) England CM 30 Andy Drury 35 2
20%
2014/15 (League Two - 8th) England ST 24 Charlie Walker 3
20%
2017/18 (League Two - 2nd) England CM 18 Flynn Downes 10
20%
2016/17 (League Two - 4th) Northern Ireland ST 26 Josh McQuoid 3
20%
2015/16 (League Two - 11th) Northern Ireland ST 25 Josh McQuoid 29 3
20%
2014/15 (League Two - 8th) Ireland CB 21 Michael Harriman 35 1
20%
2014/15 (League Two - 8th) England ST 25 Ricky Miller 12 1
20%
2015/16 (League Two - 11th) England LB 29 Scott Griffiths 18
20%
2014/15 (League Two - 8th) England LB 28 Scott Griffiths 35 2
20%
2015/16 (League Two - 11th) Jamaica LW 19 Zane Banton 4
20%
2014/15 (League Two - 8th) England RB 24 Curtley Williams 3
15%
2014/15 (League Two - 8th) England CB 23 Fraser Franks 13
15%
2014/15 (League Two - 8th) England ST 20 Jayden Stockley 13 3
15%
2017/18 (League Two - 2nd) England ST 27 Jordan Cook 10
15%
2016/17 (League Two - 4th) England ST 26 Jordan Cook 35 3
15%
2014/15 (League Two - 8th) England CM 20 Matt Robinson 9
15%
2016/17 (League Two - 4th) England LW 20 Alex Gilliead 18 1
10%
2014/15 (League Two - 8th) England CM 22 Jim Stevenson 11 1
10%
2015/16 (League Two - 11th) England ST 21 Joe Pigott 15 4
10%
2015/16 (League Two - 11th) England GK 20 Jonathan Mitchell 5
10%
2014/15 (League Two - 8th) England LB 19 Lewis Kinsella 3
10%
2014/15 (League Two - 8th) England CM 23 Luke Rooney 11 3
10%
2015/16 (League Two - 11th) England CB 29 Magnus Okuonghae 11
10%
2014/15 (League Two - 8th) England ST 18 Nathan Oduwa 11
10%
2015/16 (League Two - 11th) Ireland RB 20 Sean Long 9
10%
2015/16 (League Two - 11th) England DM 16 Tyreeq Bakinson 1
10%
2015/16 (League Two - 11th) Ireland CB 22 Mark O'Brien 6
5%
2014/15 (League Two - 8th) England ST 27 Ross Lafayette 11
5%
No matching quizzes found
Score Distribution
Percent of People with Each Score
Percentile by Number Answered
Your Score History
You have not taken this quiz since the last reset